000 00614nam a2200229Ia 4500
003 OSt
005 20220925221822.0
006 a|||||r|||| 00| 0
007 ta
008 220923b |||||||| |||| 00| 0 eng d
037 _cGeneral Book
040 _aRTL
_cRTL
_beng
041 _2eng
_aeng
082 _aW81.5.M48, H6
100 _aNahier Lewis
_9287108
245 0 _aRevolution of the intellectuals, 1848
260 _aLondon
_bO U P
_c1946
300 _a124p
_ccm.
650 _aRevolution
_9230303
942 _hW81.5.M48, H6
_cGB
_2CC
999 _c575388
_d575388